000 00221 a2200097 4500
001 30151
100 _aQazi Faiz
245 _aItlaqi Shumaryaat
260 _aLahore
_bMarkazi Urdu Board Gulberg
_c
090 _c20094
_d20094
942 _aNUST-CAE
_cM
_c11219
999 _c265224
_d265224